| 000 | 00705nam a2200217 a 4500 | ||
|---|---|---|---|
| 001 | ASIN9699154233 | ||
| 005 | 20170105102849.0 | ||
| 008 | 130820s2012 xxu eng d | ||
| 020 | _a9699154233 (hardcover) | ||
| 020 | _a9789699154232 (hardcover) | ||
| 040 | _a0 | ||
| 082 | _a954.91 | ||
| 245 | 1 | 0 |
_aBack from the brink : _bindia-pakistan ties revisited / _cRiaz Shaikh. |
| 250 | _a1st ed. | ||
| 260 |
_a[S.l.] : _bUshba Publishing International, _c2012. |
||
| 300 |
_a454 p. ; _c23 cm. |
||
| 520 | _aBack from the Brink: India-Pakistan Ties Revisited. | ||
| 700 | 1 | _aShaikh, Riaz. | |
| 856 | 4 | 0 |
_3Amazon.com _uhttp://www.amazon.com/exec/obidos/ASIN/9699154233/chopaconline-20 |
| 942 |
_2ddc _cBK |
||
| 999 |
_c14191 _d14191 |
||